Normal view
MARC view
- PLANT MAINTENANCE FACTORY MANAGEMENT
Entry Topical Term
001 - CONTROL NUMBER
- control field: 74544
003 - CONTROL NUMBER IDENTIFIER
- control field: NUST
005 - DATE AND TIME OF LATEST TRANSACTION
- control field: 20210628205236.0
008 - FIXED-LENGTH DATA ELEMENTS
- fixed length control field: 210628|| aca||aabn | a|a d
040 ## - CATALOGING SOURCE
- Original cataloging agency: NUST
- Transcribing agency: NUST
150 ## - HEADING--TOPICAL TERM
- Topical term or geographic name entry element: PLANT MAINTENANCE FACTORY MANAGEMENT
670 ## - SOURCE DATA FOUND
- Source citation: Work cat.: (NUST): Lamb, Richard G 74543, Availability engineering and management for manufacturing plant performance, 1995
